| 000 | 00675nam a2200229 4500 | ||
|---|---|---|---|
| 001 | 000004722 | ||
| 005 | 20200929151506.0 | ||
| 008 | 800822s1967 fr c 000 0 fre | ||
| 010 | _a68123809 | ||
| 015 | _aF67-9566 | ||
| 040 |
_aDO-SdBNP _cDLC _dDLC |
||
| 050 | 0 | 0 |
_aPQ2163 _b.C3 1967 |
| 100 | 1 |
_aBalzac, Honore de, _d1799-1850. _913744 |
|
| 245 | 1 | 0 |
_aGrandeza y decadencia de César Birotteau / _c[par] Balzac ... |
| 260 |
_a[Paris,] : _bJ. Tallandier, _c1967. |
||
| 300 |
_a367 p. : _bport. ; _c21 cm. |
||
| 490 | 0 | _aLe Tresor des lettres francaises | |
| 500 | _aIllustrated cover. | ||
| 910 | _aCatalogación por copia / LC | ||
| 082 | 0 | 0 |
_a843/.7 _219 |
| 350 | _a18F | ||
| 999 |
_c4528 _d4528 |
||